Quizzes
Events
Quiz Creation
Community
Videos
Private Events
Remove Ads
Sign In
Join for FREE
Feedback
Dark Mode
Quiz Categories
Sports
Geography
Music
Movies
Television
Just For Fun
Miscellaneous
History
Literature
Language
Science
Gaming
Entertainment
Religion
Holiday
For Kids
Quiz Lab
Recent
Popular Today
Quiz Kudos Today
Editor Picks
Curator Picks
Quizzes by...
Day
Popularity
Type
Ratings
Length
Year
Community
Subscriptions
Recent Discussions
Orange Saloon
Badges
Playlists
Quests
Create
Leaderboards
Showdown
Live 5
Trivia Bingo
Activity
Puzzle Library
Sporcle Events
Private Events
Virtual Trivia
Globe League
Become a Host
Pub Owners
SporcleCon
Opinionation
Our Games
Videos
Blog
Mobile Apps
Partnerships
Remove Ads and Go Orange
Feedback
Television
TV Characters
TV Show
Sitcom
Network
Friends
Reality Shows
Cast
South Park
Star Trek
The Simpsons
Doctor Who
Television
TV Characters
TV Show
Sitcom
Network
Friends
Reality Shows
Cast
South Park
Star Trek
The Simpsons
Doctor Who
Random Quiz
Search Sporcle
×
Quiz Lab
Quiz Lab
Television
TV Show
Type answers based on single images at one time
Type answers based on single images at one time
Slideshow
Best Score? Go Orange.
Name the Skam Characters Stats
Can you name the Skam Characters (first names)?
By
alltoowell
4m
20 Questions
900 Plays
900 Plays
900 Plays
Comments
Comments
Give Quiz Kudos
Give Quiz Kudos
-
- Ratings
hide this ad
Replay
Link that replays current quiz
Next Quiz
Link to next quiz in quiz playlist
You Got
0%
They Got
Avg Score
89%
Avg Friend Score
Upgrade to see
Score Distribution
Jump to the score distribution portion of the page
Score
0/20
Timer
04:00
2
Plays Today
% Correct
Noora
99.9%
Isak
99.7%
Eva
99.6%
Sana
98.8%
Jonas
97.8%
Even
97.8%
Chris
95.6%
William
95.6%
Vilde
95.3%
Christoffer
95.3%
% Correct
Magnus
93.3%
Eskild
92.3%
Yousef
86.6%
Linn
86%
Ingrid
84.2%
Emma
82.9%
Mahdi
77.9%
Sara
75.1%
Elias
73.3%
Mikael
54%
Quiz Playlist
Details
Report
Send in Message
Add To Playlist
Slideshow:
Type answers based on single images at one time
Last Updated: Aug 15, 2019
Quiz Scoreboard
CHALLENGE
Sign Up to Join the Scoreboard
Show All
Scores
Hide
Comments
May contain spoilers
Recently Published
9x9 Crossword: Cartoon Network
by jackfrog10
Miscellaneous
3m
College Basketball Coaching Resumes
by pancakes188
Sports
9m
Billboard Blitz: Fleetwood Mac
by CooCooCachoo
Music
15s
More to Explore
Quiz From the Vault
Featured Blog Post
Where Did the Easter Bunny Come From?
hide this ad
You Might Also Like...
Tags
TV Show Quiz
Character
Today's Top Quizzes in Television
Browse Television
hide this ad
Today's Top Quizzes in TV Show
Browse TV Show
Top Contributed Quizzes in Television
1
5-to-1: The Simpsons Families
2
5-to-1: Television Doctors
3
7-to-1: TV Show Settings
4
5-to-1: Streaming Originals
5
Adjectives in 00s TV Shows
6
One Piece Logic Puzzle
7
Survivor Seasons
8
Adjectives in 80s TV Shows
9
All US Survivor Seasons in Order
10
Adjectives in 10s TV Shows
Explore More
Trending Topics
Anime
Marvel
NBA
Kpop
Disney
Harry Potter
Crossword
NFL
Puzzle
The Office
Country
Soccer
Song
WWE
Pokémon
hide this ad
More By:
alltoowell
Quiz
Plays
Rating
Category
Featured
Created
Songs on folklore
54,618
4.36
Music
Jul 23, 2020
Taylor Swift Music Videos at 13 Seconds
5,316
4.88
Music
Aug 15, 2019
Name the Skam Characters
900
5.00
Television
Jul 21, 2017
Go to Creator's Profile
Score Distribution
Quiz Creator Spotlight
alltoowell
Follow
Send a Message
Quizzes Created
-
Created Quiz Play Count
-
More By This Creator
Popular Quizzes Today
1
Find the US States - No Outlines Minefield
2
Find the Countries of Europe - No Outlines Minefield
3
The Countries of the World
4
Find the US States
5
Risky Map Clicking: Biggest States A-Z
6
US States
7
Popular People in 1961
8
Movies - When Are They Set?
More Television Quizzes
3-Named Actors in Three TV Shows
Published
Trending Quizzes
Risky Map Clicking: Least Populous States A-Z
1-10 Letter G Words
1-10 Letter F Words
Risky Map Clicking: Next State Alphabetically
Adjectives in 80s TV Shows
Recently Updated
Leaping Animals
pecheneg
Reality TV Shows (A-Z)
bhenderson79
Rickey Henderson's Hall of Fame Teammates
pecheneg
Champions League XIs: Arsenal
pecheneg
Quick Pick: Celebrities in WWE's Hall of Fame
aduchscher
A-Z Keypad Blitz II
pecheneg
Multiple Oscar Actors
pecheneg
Mystery Phrase Blitz: Oscar 'Best Actors'
pecheneg
F. Scott Fitzgerald Novels
LTH
Pick 3 Villains
ddd62291
Trending Topics
Disney
Kpop
Marvel
Harry Potter
NBA
Crossword
Anime
WWE
Song
NFL
Pokémon
Soccer
Puzzle
Country
The Office
Your Account Isn't Verified!
In order to create a playlist on Sporcle, you need to verify the email address you used during registration. Go to your
Sporcle Settings
to finish the process.
Report this User
Report this user for behavior that violates our
Community Guidelines
.
Details:
Send Report
Go to the Sporcle.com Mobile Site →
Comments